Dates historiques aléatoires (III) - Statistiques

Statistiques générales
  • Ce quiz a été pris 85 fois
  • Le résultat moyen est 6 sur 15
Statistiques - réponses
Evénement(s) Date(s) % Correct
Louis XVI est guillotiné 1793
88%
Création de la sécurité sociale en France 1945
63%
Edit de Nantes 1598
62%
Début du directoire 1795
60%
Nuit des long couteaux 1934
52%
Charles Martel repousse les arabes à Poitiers 732
45%
Création de la République Sociale Italienne (République de Salo) par Mussolini 1943
33%
Baptême de Clovis à Reims 496
32%
Mort de Jeanne d'Arc 1431
30%
Conférence de San Francisco 1945
30%
Massacres de Sétif, Guelma et Kherrata en Algérie par les forces de police française 1945
29%
Assassinat d'Anouar el-Saddate lors d'une parade militaire 1981
23%
Première Intifada (guerre des pierres) 1987
18%
Accords de Dayton 1995
12%
L'assemblée nationale française rejette le projet de la communauté européenne de défense (CED) 1954
10%
Aucun quiz correspondant
Distribution des résultats
% des personnes avec chaque résultat
Percentile par nombre de réponses
Votre historique - résultats
Vous n’avez pas pris ce quiz